The rise of the unelected : (Record no. 316)

MARC details
000 -LEADER
fixed length control field 01581cam a2200409 a 4500
001 - CONTROL NUMBER
control field 14988182
003 - CONTROL NUMBER IDENTIFIER
control field GBCCL
005 - DATE AND TIME OF LATEST TRANSACTION
control field 20241126110335.0
008 - FIXED-LENGTH DATA ELEMENTS--GENERAL INFORMATION
fixed length control field 070830s2007 enka b 001 0 eng
010 ## -
-- 2007279783
015 ## -
-- GBA704451
-- bnb
016 7# -
-- 013645431
-- Uk
020 ## - INTERNATIONAL STANDARD BOOK NUMBER
International Standard Book Number 9780521694148 (pbk.)
020 ## - INTERNATIONAL STANDARD BOOK NUMBER
International Standard Book Number 0521694140 (pbk.)
020 ## - INTERNATIONAL STANDARD BOOK NUMBER
International Standard Book Number 9780521872393 (hbk.)
020 ## - INTERNATIONAL STANDARD BOOK NUMBER
International Standard Book Number 0521872391 (hbk.)
035 ## - SYSTEM CONTROL NUMBER
System control number (OCoLC)ocm78989092
040 ## - CATALOGING SOURCE
Original cataloging agency UKM
Transcribing agency UKM
Modifying agency BAKER
-- BTCTA
-- YDXCP
-- OUN
-- DLC
042 ## -
-- lccopycat
050 00 -
-- JF229
-- .V43 2007
082 04 - DEWEY DECIMAL CLASSIFICATION NUMBER
Classification number 321.8
Edition information 22
Item number VIB
100 1# - MAIN ENTRY--PERSONAL NAME
Personal name Vibert, Frank.
9 (RLIN) 309
245 14 - TITLE STATEMENT
Title The rise of the unelected :
Remainder of title democracy and the new separation of powers /
Statement of responsibility, etc. Frank Vibert.
260 ## - PUBLICATION, DISTRIBUTION, ETC.
Place of publication, distribution, etc. Cambridge :
Name of publisher, distributor, etc. Cambridge University Press,
Date of publication, distribution, etc. 2007.
300 ## - PHYSICAL DESCRIPTION
Extent x, 199 p. :
Other physical details ill. ;
Dimensions 24 cm.
504 ## - BIBLIOGRAPHY, ETC. NOTE
Bibliography, etc. note Includes bibliographical references and index.
650 #0 - SUBJECT ADDED ENTRY--TOPICAL TERM
Topical term or geographic name entry element Independent regulatory commissions.
9 (RLIN) 310
650 #0 - SUBJECT ADDED ENTRY--TOPICAL TERM
Topical term or geographic name entry element International agencies.
9 (RLIN) 311
650 #0 - SUBJECT ADDED ENTRY--TOPICAL TERM
Topical term or geographic name entry element Democracy.
9 (RLIN) 312
650 #0 - SUBJECT ADDED ENTRY--TOPICAL TERM
Topical term or geographic name entry element Separation of powers.
9 (RLIN) 313
856 42 - ELECTRONIC LOCATION AND ACCESS
Materials specified Contributor biographical information
Uniform Resource Identifier <a href="http://www.loc.gov/catdir/enhancements/fy0729/2007279783-b.html">http://www.loc.gov/catdir/enhancements/fy0729/2007279783-b.html</a>
856 42 - ELECTRONIC LOCATION AND ACCESS
Materials specified Publisher description
Uniform Resource Identifier <a href="http://www.loc.gov/catdir/enhancements/fy0729/2007279783-d.html">http://www.loc.gov/catdir/enhancements/fy0729/2007279783-d.html</a>
856 41 - ELECTRONIC LOCATION AND ACCESS
Materials specified Table of contents only
Uniform Resource Identifier <a href="http://www.loc.gov/catdir/enhancements/fy0729/2007279783-t.html">http://www.loc.gov/catdir/enhancements/fy0729/2007279783-t.html</a>
906 ## - LOCAL DATA ELEMENT F, LDF (RLIN)
a 7
b cbc
c copycat
d 2
e ncip
f 20
g y-gencatlg
942 ## - ADDED ENTRY ELEMENTS (KOHA)
Source of classification or shelving scheme Dewey Decimal Classification
Koha item type Books
Holdings
Withdrawn status Lost status Source of classification or shelving scheme Damaged status Not for loan Home library Current Library Shelving location Date acquired Total checkouts Full call number Barcode Date last seen Copy number Price effective from Koha item type
    Dewey Decimal Classification     GRACE BIBLE COLLEGE GRACE BIBLE COLLEGE General Studies 2016-10-19   321.8 VIB 007241 2025-05-01 c.1 2016-10-19 Books
© Grace Bible College Library 2025